000 00229nam a2200097Ia 4500
001 653624
005 20250826154501.0
008 250824s9999 xx 000 0 und d
245 0 _aDÜŞ MACUNU
_cMİNE SOTA
260 _bGENÇ TİMAŞ
999 _c653624
_d653624